LEADER 01150nam a2200217 i 4500 001 000000188800 003 CaOOAMICUS 005 20100422000000.0 008 100422s1920 it u000 u ita u 013 $a167034 040 $aSeMil$bita 100 1 $aCastelletti, Carlo.$0(OLS)http://semarc/name/5127 245 10$aVita del servo di Dio Don Luigi Palazzolo e memorie storiche intorno agli Istituti di Carità da lui fondati /$cSac. Carlo Castelletti. 260 $aBergamo :$bTipografia e Legatoria Umberto Tavecchi,$c1920. 300 $a271 p., [1] p. di ritratto ;$c19 cm. 500 $aIn mezzo al front : Si vende a beneficio degli orfani e delle orfanelle dell'Istituto Palazzolo. 600 14$aPalazzolo, Luigi Maria .$0(OLS)http://semarc/subject/13202 850 $aSeMil 852 $aSeMil$W1$xVenegono$y1$m3H II 101$j139437$B139437$CSeMilBibl$Z2$F151065 $81 996 $6245$aVita del servo di Dio Don Luigi Palazzolo e memorie storiche intorno agli Istituti di Carità da lui fondati$9(OLS)http://semarc/title/271777 996 $6260$aBergamo :$bTipografia e Legatoria Umberto Tavecchi$9(OLS)http://semarc/publisher/39824 LEADER 01253nam a2200265 i 4500 001 000000117781 003 CaOOAMICUS 005 20030909000000.0 008 030909s1986 it u000 u ita u 013 $a90470 040 $aSeMil$bita 100 1 $aDe Sanctis, Gioacchino.$0(OLS)http://semarc/name/49153 245 10$aP. Germano di S. Stanislao :$bpassionista direttore spirituale di S. Gemma Galgani /$cGioacchino De Sanctis. 260 $aLucca :$bMonastero-Santuario S. Gemma,$c1986. 260 $aRoma :$bPostulazione Generale dei Passionisti,$c1986. 300 $a211 p., [16] p. di tav. ;$c21 cm. 500 $aFondo Card. C.M. Martini. 650 4$aGermano : di San Stanislao (Ruoppolo) .$0(OLS)http://semarc/subject/5829 850 $aSeMil 852 $aSeMil$W1$xVenegono$y1$m3J V 96$j73141$B73141$CSeMilBibl$Z2$F100285 $81 941 1 $a4 961 $aOmaggio: Martini Card. Carlo Maria 996 $6245$aP. Germano di S. Stanislao :$bpassionista direttore spirituale di S. Gemma Galgani$9(OLS)http://semarc/title/172961 996 $6260$aRoma :$bPostulazione Generale dei Passionisti$9(OLS)http://semarc/publisher/44364 996 $6260$aLucca :$bMonastero-Santuario S. Gemma$9(OLS)http://semarc/publisher/43204